[Event "GER-ch 87th"]
[Site "Luebeck"]
[Date "2016.10.24"]
[Round "4"]
[White "Tonndorf, Matthias"]
[Black "Moeller, Hendrik"]
[Result "1-0"]
[WhiteElo "2223"]
[BlackElo "2286"]
[EventDate "2016.10.21"]
[PlyCount "101"]

1. e4 c6 2. Nc3 d5 3. Nf3 g6 4. exd5 cxd5 5. Bb5+ Bd7 6. Bxd7+ Qxd7 7. Ne5 Qe6 8. d4 f6 9. Qg4 Qxg4 10. Nxg4 e6 11. O-O Nc6 12. Ne2 Kf7 13. c3 Rc8 14. Re1 Bd6 15. Bf4 Be7 16. h3 h5 17. Ne3 Na5 18. Bh2 h4 19. Nf4 Nc6 20. Re2 Bd6 21. Nd3 Bxh2+ 22. Kxh2 Nge7 23. Rae1 Nd8 24. Ng4 Rc6 25. Nc5 Rd6 26. Ne3 Nec6 27. Ng4 Ne7 28. Nd3 Nf5 29. Ne3 Ne7 30. g4 hxg3+ 31. fxg3 Kg7 32. Kg2 b6 33. Rf2 Nf5 34. Nxf5+ gxf5 35. Nf4 Kf7 36. Rfe2 Re8 37. Kf3 Rd7 38. g4 fxg4+ 39. hxg4 Rde7 40. Rh1 Kg8 41. Rh6 Rf7 42. Nh5 Ref8 43. Ke3 e5 44. Rh2 exd4+ 45. cxd4 Re7+ 46. Kd3 Re6 47. Rg6+ Kf7 48. Rg7+ Ke8 49. Rxa7 Re7 50. Re2 Rxe2 51. Ng7# 1-0

[Event "GER-ch 87th"]
[Site "Luebeck"]
[Date "2016.10.25"]
[Round "5"]
[White "Bente, Bjoern"]
[Black "Schwarz, Frank"]
[Result "1-0"]
[WhiteElo "2239"]
[BlackElo "2251"]
[EventDate "2016.10.21"]
[PlyCount "145"]

1. d4 Nf6 2. Nf3 e6 3. e3 b6 4. Bd3 Bb7 5. O-O d6 6. c4 Be7 7. Nc3 Nbd7 8. e4 e5 9. Re1 O-O 10. Bf1 Re8 11. d5 Rf8 12. h3 Ne8 13. Rb1 g6 14. Bh6 Ng7 15. Qd2 Nf6 16. b4 Kh8 17. c5 Ng8 18. cxd6 cxd6 19. Bg5 f6 20. Be3 f5 21. Bg5 Nf6 22. Bxf6 Bxf6 23. Bb5 Rc8 24. Rbc1 Rf7 25. Bd3 a6 26. Na4 Rfc7 27. Nc3 Qd7 28. Ne2 Kg8 29. Rxc7 Rxc7 30. Rc1 Rxc1+ 31. Qxc1 Bd8 32. Qc2 fxe4 33. Bxe4 Nh5 34. Nd2 Qb5 35. Qc4 Qd7 36. Bf3 Nf6 37. Nc3 Kg7 38. a4 Qc7 39. Qxc7+ Bxc7 40. b5 a5 41. Kf1 Bc8 42. Nde4 Bf5 43. Nxf6 Kxf6 44. Be4 Bd8 45. Ke2 h5 46. Kd3 Kg5 47. Nd1 Kf4 48. g3+ Kg5 49. h4+ Kf6 50. Ne3 Bc7 51. f3 Bd8 52. Nc4 Bc7 53. Ke3 Bc8 54. Kf2 Bd7 55. Ne3 Bf5 56. Bxf5 gxf5 57. g4 hxg4 58. fxg4 f4 59. Nc4 e4 60. Ke2 Bb8 61. Nxb6 f3+ 62. Ke1 Ke5 63. h5 Ba7 64. Nc4+ Kd4 65. b6 Bxb6 66. Nxb6 e3 67. h6 Kd3 68. h7 f2+ 69. Kf1 e2+ 70. Kxf2 Kd2 71. Nc4+ Kd1 72. Ne3+ Kd2 73. Ng2 1-0

[Event "GER-ch 87th"]
[Site "Luebeck"]
[Date "2016.10.25"]
[Round "5"]
[White "Gasthofer, Alexander"]
[Black "Svane, Rasmus"]
[Result "1/2-1/2"]
[WhiteElo "2437"]
[BlackElo "2552"]
[EventDate "2016.10.21"]
[PlyCount "66"]

1. Nf3 d5 2. g3 Bg4 3. Bg2 c6 4. O-O e6 5. d3 Bd6 6. c4 Nf6 7. Nc3 O-O 8. h3 Bxf3 9. Bxf3 Nbd7 10. cxd5 cxd5 11. Be3 a6 12. Rc1 Qe7 13. Rc2 Rac8 14. d4 h6 15. Qd3 Nb6 16. b3 Rc6 17. Nb1 Rxc2 18. Qxc2 Rc8 19. Qd3 Bb4 20. Rc1 Rxc1+ 21. Bxc1 Qc7 22. Bb2 Nc8 23. a3 Be7 24. Qc3 Qd7 25. Qc2 Na7 26. Kg2 Nb5 27. e3 Bd6 28. h4 Be7 29. Bc1 Nd6 30. Nd2 Nb5 31. Nb1 Nd6 32. Nd2 Nb5 33. Nb1 Nd6 1/2-1/2

[Event "GER-ch 87th"]
[Site "Luebeck"]
[Date "2016.10.25"]
[Round "5"]
[White "Kabisch, Thilo"]
[Black "Kololli, Martin"]
[Result "0-1"]
[WhiteElo "2309"]
[BlackElo "2202"]
[EventDate "2016.10.21"]
[PlyCount "122"]

1. e4 e5 2. Nf3 Nc6 3. Bb5 a6 4. Ba4 d6 5. c3 Bd7 6. O-O Nge7 7. d4 g6 8. c4 exd4 9. Nxd4 Bg7 10. Be3 O-O 11. Nc3 Re8 12. Bc2 Ne5 13. Bb3 N7c6 14. Nxc6 Nxc6 15. Qd2 Be6 16. Nd5 Bxd5 17. exd5 Ne5 18. Rac1 Qh4 19. Bg5 Qg4 20. f4 Nd7 21. Bd1 Qf5 22. Bc2 Qg4 23. Rce1 Nb6 24. b3 h6 25. Be7 Qd7 26. Bh4 Rxe1 27. Rxe1 Re8 28. h3 Rxe1+ 29. Qxe1 Kf8 30. a4 Qe8 31. Qd2 Nd7 32. a5 Nc5 33. Qe1 Bd4+ 34. Kf1 Be3 35. b4 Nd7 36. Bg3 Qe7 37. Ba4 Nf6 38. Qc3 Kg8 39. Bc2 Nh5 40. Qe1 Nxg3+ 41. Qxg3 Bd2 42. Bxg6 fxg6 43. Qxg6+ Qg7 44. Qe8+ Qf8 45. Qe6+ Qf7 46. Qc8+ Kh7 47. g3 Bxb4 48. Qxb7 Bc5 49. Qc8 h5 50. Kg2 Qe7 51. Qf5+ Kh6 52. Kf1 Bb4 53. g4 hxg4 54. hxg4 Bxa5 55. Qh5+ Kg7 56. f5 Qe1+ 57. Kg2 Qd2+ 58. Kf1 Qh6 59. Qe8 Qh3+ 60. Kf2 Bb6+ 61. Ke1 Qe3+ 0-1

[Event "GER-ch 87th"]
[Site "Luebeck"]
[Date "2016.10.25"]
[Round "5"]
[White "Kalinitschew, Sergey"]
[Black "Fuchs, Florian"]
[Result "1-0"]
[WhiteElo "2405"]
[BlackElo "2290"]
[EventDate "2016.10.21"]
[PlyCount "73"]

1. d4 Nf6 2. Bg5 Ne4 3. Bf4 e6 4. f3 Bb4+ 5. c3 Bd6 6. Bxd6 Nxd6 7. e4 f5 8. Nd2 b6 9. Bd3 Bb7 10. Qe2 O-O 11. O-O-O a5 12. g4 fxg4 13. fxg4 c5 14. dxc5 bxc5 15. Ngf3 Ba6 16. e5 Bxd3 17. Qxd3 Nf7 18. h4 Nc6 19. Nc4 Ra7 20. Rd2 a4 21. a3 Qe7 22. Qe4 Nh8 23. Ng5 g6 24. Qe3 Nf7 25. Nf3 Na5 26. Nxa5 Rxa5 27. Rhd1 Ra7 28. g5 Kh8 29. Nh2 Nd8 30. Ng4 Nc6 31. Nf6 Rd8 32. h5 gxh5 33. Rh2 d6 34. Rxh5 Nxe5 35. Qe4 Rf8 36. Rxd6 Rxf6 37. Qxe5 1-0

[Event "GER-ch 87th"]
[Site "Luebeck"]
[Date "2016.10.25"]
[Round "5"]
[White "Kummerow, Heiko"]
[Black "Moeller, Hendrik"]
[Result "0-1"]
[WhiteElo "2266"]
[BlackElo "2286"]
[EventDate "2016.10.21"]
[PlyCount "60"]

1. e4 c6 2. d4 d5 3. Nc3 dxe4 4. Nxe4 Bf5 5. Ng3 Bg6 6. Bc4 e6 7. Nh3 Bd6 8. O-O Ne7 9. f4 Nd7 10. Qe2 Qc7 11. Ng5 O-O 12. Bd3 Nf6 13. Kh1 Rae8 14. Qf3 Nf5 15. c3 Nh4 16. Qe2 c5 17. dxc5 Bxc5 18. Bxg6 Nxg6 19. Nh5 Nd5 20. Qf3 Rd8 21. f5 exf5 22. Qxf5 Nde7 23. Qh3 h6 24. Ne4 f5 25. Nxc5 Qxc5 26. Be3 Qb5 27. Bd4 Rf7 28. Qg3 f4 29. Nxf4 Rdf8 30. Bxg7 Rxg7 0-1

[Event "GER-ch 87th"]
[Site "Luebeck"]
[Date "2016.10.25"]
[Round "5"]
[White "Langheinrich, Ferenc"]
[Black "Goergens, Michael"]
[Result "1-0"]
[WhiteElo "2371"]
[BlackElo "2080"]
[EventDate "2016.10.21"]
[PlyCount "51"]

1. d4 e6 2. c4 d5 3. Nc3 Nf6 4. cxd5 exd5 5. Bg5 Be7 6. e3 c6 7. Bd3 O-O 8. Qc2 h6 9. Bh4 Nbd7 10. Nge2 Re8 11. f3 Nb6 12. O-O Nh5 13. Bf2 Bh4 14. g3 Be7 15. g4 Nf6 16. Kg2 Nbd7 17. h4 Nf8 18. Rh1 Bxg4 19. fxg4 Nxg4 20. Nf4 Nxf2 21. Qxf2 g5 22. Nh5 gxh4 23. Raf1 f6 24. Rxh4 Kf7 25. Rg4 Ne6 26. Bg6+ 1-0

[Event "GER-ch 87th"]
[Site "Luebeck"]
[Date "2016.10.25"]
[Round "5"]
[White "Malek, Daniel"]
[Black "Tonndorf, Matthias"]
[Result "1-0"]
[WhiteElo "2411"]
[BlackElo "2223"]
[EventDate "2016.10.21"]
[PlyCount "89"]

1. c4 b6 2. d4 e6 3. e4 Bb7 4. Bd3 Bb4+ 5. Kf1 Be7 6. Nc3 d6 7. Nf3 Nd7 8. g3 Ngf6 9. Kg2 d5 10. cxd5 exd5 11. e5 Ne4 12. Qe2 Nxc3 13. bxc3 Nf8 14. Ne1 Ne6 15. f4 g6 16. Nf3 Qd7 17. a4 c5 18. Bd2 c4 19. Bc2 Ng7 20. Rhb1 Bc6 21. Bc1 O-O 22. Ba3 Bxa3 23. Rxa3 Qe7 24. Raa1 Bd7 25. Nd2 Qe6 26. Nf1 Qh3+ 27. Kg1 Nf5 28. Qg2 Qxg2+ 29. Kxg2 Rab8 30. g4 Ne7 31. Kg3 Rb7 32. Ne3 Bc6 33. f5 f6 34. Rf1 Kg7 35. g5 fxe5 36. f6+ Kg8 37. dxe5 Nc8 38. e6 Nd6 39. Rad1 Re8 40. e7 Nf7 41. Kf4 Rd7 42. Rd4 a6 43. Rfd1 Nd6 44. Nxd5 Nc8 45. Nb4 1-0

[Event "GER-ch 87th"]
[Site "Luebeck"]
[Date "2016.10.25"]
[Round "5"]
[White "Messarius, Juergen"]
[Black "Gress, Alexander"]
[Result "1/2-1/2"]
[WhiteElo "2198"]
[BlackElo "2177"]
[EventDate "2016.10.21"]
[PlyCount "119"]

1. e4 c5 2. Nf3 d6 3. d4 cxd4 4. Nxd4 Nf6 5. Nc3 a6 6. Bg5 e6 7. f4 h6 8. Bxf6 Qxf6 9. Qd2 Nc6 10. Nxc6 bxc6 11. Bd3 Qd8 12. Rb1 Qb6 13. Na4 Qd4 14. b4 Be7 15. c3 Qa7 16. Qf2 Bd8 17. c4 Qxf2+ 18. Kxf2 O-O 19. c5 d5 20. Rhc1 Bc7 21. g3 g5 22. Kf3 Bb7 23. Nc3 Rad8 24. Rd1 dxe4+ 25. Bxe4 f5 26. Bc2 e5 27. fxe5 Bxe5 28. Ne2 Bc8 29. Bb3+ Kg7 30. a4 Kf6 31. Bc4 Rfe8 32. b5 axb5 33. axb5 cxb5 34. Bxb5 Bb7+ 35. c6 Ba8 36. Kf2 Rxd1 37. Rxd1 Rb8 38. Rd5 Ke6 39. Bc4 Bxc6 40. Ra5+ Kd6 41. Ra6 Rb2 42. Bd3 Rb3 43. Bc2 Rf3+ 44. Ke1 Kc7 45. Ra7+ Bb7 46. Ra5 Re3 47. Kd2 f4 48. gxf4 gxf4 49. Ra4 Rf3 50. Ra7 Re3 51. Ra4 Rh3 52. Nxf4 Rxh2+ 53. Ne2 Kd6 54. Be4 Bc8 55. Bf3 Ke7 56. Ke3 Kf6 57. Ra8 Bf5 58. Ra6+ Kg7 59. Ra5 Kf6 60. Ra6+ 1/2-1/2

[Event "GER-ch 87th"]
[Site "Luebeck"]
[Date "2016.10.25"]
[Round "5"]
[White "Mueer, Sebastian"]
[Black "Metz, Hartmut"]
[Result "1-0"]
[WhiteElo "2289"]
[BlackElo "2284"]
[EventDate "2016.10.21"]
[PlyCount "93"]

1. c4 c6 2. Nf3 d5 3. g3 Nf6 4. Bg2 Bf5 5. Qb3 Qc7 6. cxd5 cxd5 7. Nc3 e6 8. d3 Nc6 9. O-O Be7 10. Bf4 Qd7 11. Ne5 Nxe5 12. Bxe5 O-O 13. e4 dxe4 14. dxe4 Bg6 15. Rfd1 Qc6 16. Bxf6 gxf6 17. Rac1 Qb6 18. Qxb6 axb6 19. Rd7 Bc5 20. a3 Bh5 21. b4 Rxa3 22. bxc5 bxc5 23. Rxb7 Rd8 24. h3 Rd3 25. Nb1 Ra1 26. g4 Bg6 27. Kh2 h5 28. gxh5 Bxh5 29. Rxc5 Bg6 30. Rb2 Rd4 31. Nc3 f5 32. Ne2 Rd7 33. Nf4 fxe4 34. Nxg6 fxg6 35. Bxe4 Kf7 36. Rg5 Re1 37. Bxg6+ Kf6 38. Rg4 Rg7 39. Bd3 Rxg4 40. hxg4 Kg5 41. Re2 Rd1 42. Re5+ Kf4 43. Re4+ Kg5 44. f4+ Kh4 45. Be2 Ra1 46. Re3 e5 47. Rh3# 1-0

[Event "GER-ch 87th"]
[Site "Luebeck"]
[Date "2016.10.25"]
[Round "5"]
[White "Schellmann, Frank"]
[Black "Hirneise, Jens"]
[Result "1/2-1/2"]
[WhiteElo "2074"]
[BlackElo "2324"]
[EventDate "2016.10.21"]
[PlyCount "78"]

1. e4 d6 2. d4 Nf6 3. Nc3 e5 4. Nf3 Nbd7 5. Bc4 Be7 6. O-O O-O 7. a4 a6 8. a5 h6 9. h3 exd4 10. Qxd4 Ne5 11. Nxe5 dxe5 12. Qxd8 Rxd8 13. Nd5 Nxd5 14. Bxd5 c6 15. Bb3 Be6 16. Bxe6 fxe6 17. Be3 Rd7 18. Rfd1 Rad8 19. Rxd7 Rxd7 20. Kf1 Kf7 21. Ke2 Ke8 22. c3 Kd8 23. Rd1 Rxd1 24. Kxd1 Kd7 25. Bb6 c5 26. c4 h5 27. Kc2 Kc6 28. Kc3 g6 29. Kd3 Bg5 30. Kc2 Be7 31. Kc3 Bd6 32. Kb3 Bc7 33. Bxc7 Kxc7 34. h4 Kc6 35. Ka4 Kd6 36. Kb3 Kc6 37. Ka4 Kd6 38. Kb3 Kc6 39. Ka4 Kd6 1/2-1/2

[Event "GER-ch 87th"]
[Site "Luebeck"]
[Date "2016.10.25"]
[Round "5"]
[White "Schoen, Ralf"]
[Black "Liepold, Stefan"]
[Result "0-1"]
[WhiteElo "2146"]
[BlackElo "2188"]
[EventDate "2016.10.21"]
[PlyCount "44"]

1. e4 e6 2. d4 d5 3. Nc3 Bb4 4. e5 c5 5. a3 Bxc3+ 6. bxc3 Ne7 7. Qg4 cxd4 8. Qxg7 Rg8 9. Qxh7 Qc7 10. Kd1 Nbc6 11. f4 dxc3 12. Nf3 Bd7 13. Ng5 Rxg5 14. fxg5 O-O-O 15. Qxf7 Nf5 16. Qf6 Qb6 17. Bd3 Qf2 18. Bxf5 exf5 19. e6 Be8 20. Bf4 Qxf4 21. Qxc3 Bh5+ 22. Ke1 Re8 0-1

[Event "GER-ch 87th"]
[Site "Luebeck"]
[Date "2016.10.25"]
[Round "5"]
[White "Schroeder, Christoph"]
[Black "Rehberg, Raphael"]
[Result "0-1"]
[WhiteElo "2193"]
[BlackElo "2232"]
[EventDate "2016.10.21"]
[PlyCount "76"]

1. c4 Nf6 2. g3 e6 3. Bg2 d5 4. Nf3 Be7 5. O-O O-O 6. b3 d4 7. e3 Nc6 8. a3 a5 9. exd4 Nxd4 10. Bb2 Bc5 11. Nxd4 Bxd4 12. Bxd4 Qxd4 13. Nc3 e5 14. Qc2 c6 15. Ne2 Qc5 16. b4 Qe7 17. Qc3 Bg4 18. f3 Bh5 19. d4 axb4 20. axb4 e4 21. Rxa8 Rxa8 22. Nf4 Bxf3 23. Bxf3 exf3 24. Rxf3 Qe4 25. d5 cxd5 26. Nxd5 Nxd5 27. cxd5 Qxd5 28. Rd3 Qf5 29. Rf3 Qh3 30. Re3 h6 31. Qe1 Qd7 32. Qc3 Rd8 33. Qe5 Rc8 34. Re1 Qd2 35. Rf1 Qxb4 36. Rxf7 Qb6+ 37. Kg2 Kxf7 38. Qf5+ Ke7 0-1

[Event "GER-ch 87th"]
[Site "Luebeck"]
[Date "2016.10.25"]
[Round "5"]
[White "Schulz, Karsten"]
[Black "Jugelt, Tobias"]
[Result "1-0"]
[WhiteElo "2283"]
[BlackElo "2418"]
[EventDate "2016.10.21"]
[PlyCount "57"]

1. d4 Nf6 2. Bf4 g6 3. e3 Bg7 4. Nf3 O-O 5. Be2 d6 6. O-O Nbd7 7. h3 Qe8 8. c4 e5 9. Bh2 Qe7 10. Nc3 h6 11. c5 a6 12. Rc1 Qe6 13. b4 e4 14. Nd2 Re8 15. Qb3 Qxb3 16. Nxb3 Bf8 17. a4 Be7 18. Bc4 b6 19. Nd5 Nxd5 20. Bxd5 Rb8 21. cxd6 Bxd6 22. Bxd6 cxd6 23. Rc7 Kf8 24. Nd2 f5 25. Rfc1 Ke7 26. Ra7 Kd8 27. Nc4 Ke7 28. a5 bxa5 29. bxa5 1-0

[Event "GER-ch 87th"]
[Site "Luebeck"]
[Date "2016.10.26"]
[Round "6"]
[White "Fuchs, Florian"]
[Black "Mueer, Sebastian"]
[Result "1-0"]
[WhiteElo "2290"]
[BlackElo "2289"]
[EventDate "2016.10.21"]
[PlyCount "77"]

1. e4 c5 2. Nf3 d6 3. d4 cxd4 4. Nxd4 Nf6 5. Nc3 g6 6. Be3 Bg7 7. f3 O-O 8. Qd2 Nc6 9. Bc4 Bd7 10. O-O-O Rc8 11. Bb3 Ne5 12. Kb1 a6 13. h4 h5 14. Bg5 Rc5 15. g4 hxg4 16. h5 Nxh5 17. Nd5 Re8 18. Rdg1 Rxd5 19. Bxd5 Qb6 20. c3 e6 21. Bb3 Nxf3 22. Nxf3 gxf3 23. Be3 Qb5 24. Bd1 Qe5 25. Bxf3 Nf6 26. Bd4 Qb5 27. Rh4 Bc6 28. Rgh1 e5 29. Be3 d5 30. Bh6 Bh8 31. Bg5 Nh5 32. Bxh5 gxh5 33. Rxh5 Bg7 34. Bh6 Re6 35. Bxg7 Kxg7 36. Qg5+ Rg6 37. Rh7+ Kg8 38. Rh8+ Kg7 39. R1h7# 1-0

[Event "GER-ch 87th"]
[Site "Luebeck"]
[Date "2016.10.26"]
[Round "6"]
[White "Goergens, Michael"]
[Black "Schroeder, Christoph"]
[Result "1/2-1/2"]
[WhiteElo "2080"]
[BlackElo "2193"]
[EventDate "2016.10.21"]
[PlyCount "117"]

1. e4 c5 2. Nc3 Nc6 3. g3 g6 4. Bg2 Bg7 5. d3 d6 6. Be3 e5 7. Nd5 Nce7 8. c4 Nxd5 9. cxd5 Ne7 10. Qd2 h5 11. h4 Qb6 12. Ne2 O-O 13. O-O Kh7 14. Kh2 Qa6 15. Bh3 Bxh3 16. Kxh3 Ng8 17. f3 Bh6 18. g4 Bxe3 19. Qxe3 hxg4+ 20. fxg4 Qb5 21. h5 Qd7 22. Ng3 Qe7 23. Rf2 g5 24. Qf3 Nh6 25. Nf5 Nxf5 26. Qxf5+ Kg7 27. Raf1 Rad8 28. Qf6+ Qxf6 29. Rxf6 Rd7 30. h6+ Kh7 31. R1f5 Rg8 32. Rxf7+ Rxf7 33. Rxf7+ Kxh6 34. Rxb7 Rf8 35. Rxa7 Rf3+ 36. Kg2 Rxd3 37. Rd7 Re3 38. Rxd6+ Kg7 39. Rb6 Rxe4 40. Kg3 Rd4 41. d6 Kf6 42. d7+ Ke7 43. Rb7 c4 44. Rb5 Rxd7 45. Rxe5+ Kf6 46. Re4 Rd2 47. Rxc4 Rxb2 48. Ra4 Rc2 49. Kf3 Rb2 50. Ke4 Re2+ 51. Kd3 Rg2 52. Ke3 Rg3+ 53. Kf2 Rc3 54. Re4 Ra3 55. Re2 Ra4 56. Kg3 Ra3+ 57. Kh2 Ra4 58. Rf2+ Ke6 59. Kg3 1/2-1/2

[Event "GER-ch 87th"]
[Site "Luebeck"]
[Date "2016.10.26"]
[Round "6"]
[White "Hirneise, Jens"]
[Black "Gress, Alexander"]
[Result "1/2-1/2"]
[WhiteElo "2324"]
[BlackElo "2177"]
[EventDate "2016.10.21"]
[PlyCount "79"]

1. e4 c5 2. Nf3 d6 3. d4 cxd4 4. Nxd4 Nf6 5. Nc3 a6 6. Be3 Ng4 7. Bg5 h6 8. Bh4 g5 9. Bg3 Bg7 10. h3 Ne5 11. f3 Nbc6 12. Bf2 Be6 13. Qd2 Rc8 14. O-O-O Nxd4 15. Bxd4 Qa5 16. a3 O-O 17. Kb1 Bc4 18. Nd5 Qd8 19. Ne3 b5 20. h4 g4 21. Bxe5 dxe5 22. Qxd8 Rfxd8 23. Bxc4 bxc4 24. Nxg4 h5 25. Ne3 Rxd1+ 26. Rxd1 e6 27. Rd6 a5 28. c3 Bh6 29. Nf1 Kf8 30. Kc2 Ke7 31. Ra6 Rg8 32. g3 Rd8 33. Rxa5 Rd3 34. f4 exf4 35. Rxh5 fxg3 36. Nxg3 Bf4 37. Nf5+ exf5 38. Rxf5 Rd2+ 39. Kb1 Bd6 40. e5 1/2-1/2

[Event "GER-ch 87th"]
[Site "Luebeck"]
[Date "2016.10.26"]
[Round "6"]
[White "Kololli, Martin"]
[Black "Kalinitschew, Sergey"]
[Result "0-1"]
[WhiteElo "2202"]
[BlackElo "2405"]
[EventDate "2016.10.21"]
[PlyCount "68"]

1. e4 e6 2. d4 d5 3. exd5 exd5 4. Nf3 Nc6 5. c4 Bb4+ 6. Nc3 Nge7 7. Bd3 Be6 8. cxd5 Nxd5 9. Bd2 Nf6 10. Be3 O-O 11. O-O Bg4 12. a3 Bd6 13. Be2 Re8 14. h3 Bh5 15. Qb3 a6 16. Ng5 Na5 17. Qa2 Bg6 18. b4 Nc6 19. Bc4 Qd7 20. Be2 Re7 21. Rad1 Rae8 22. b5 axb5 23. d5 Qf5 24. Nf3 Nb8 25. Nxb5 Rxe3 26. fxe3 Bc5 27. Nfd4 Qg5 28. Rf3 Be4 29. h4 Qxh4 30. Nxc7 Ng4 31. Bc4 Qh2+ 32. Kf1 Bxf3 33. gxf3 Nxe3+ 34. Ke1 Nxc4+ 0-1

[Event "GER-ch 87th"]
[Site "Luebeck"]
[Date "2016.10.26"]
[Round "6"]
[White "Kummerow, Heiko"]
[Black "Kabisch, Thilo"]
[Result "0-1"]
[WhiteElo "2266"]
[BlackElo "2309"]
[EventDate "2016.10.21"]
[PlyCount "46"]

1. e4 c5 2. Nf3 Nc6 3. d4 cxd4 4. Nxd4 e5 5. Nf3 Nf6 6. Nc3 Bb4 7. Bc4 Bxc3+ 8. bxc3 Qa5 9. Qd3 h6 10. O-O O-O 11. Re1 Rd8 12. Rb1 d6 13. Nh4 Qc7 14. Qf3 Ne7 15. Bb3 d5 16. exd5 Nexd5 17. c4 e4 18. Qg3 Qxg3 19. hxg3 Nc3 20. Ra1 Ne2+ 21. Rxe2 Rd1+ 22. Kh2 Ng4+ 23. Kh3 Rh1# 0-1

[Event "GER-ch 87th"]
[Site "Luebeck"]
[Date "2016.10.26"]
[Round "6"]
[White "Malek, Daniel"]
[Black "Gasthofer, Alexander"]
[Result "1/2-1/2"]
[WhiteElo "2411"]
[BlackElo "2437"]
[EventDate "2016.10.21"]
[PlyCount "76"]

1. d4 d5 2. c4 c6 3. Nf3 Nf6 4. e3 e6 5. Bd3 Nbd7 6. O-O Bd6 7. Nbd2 O-O 8. e4 e5 9. cxd5 cxd5 10. exd5 exd4 11. Ne4 Nxe4 12. Bxe4 Nf6 13. Bg5 h6 14. Bxf6 Qxf6 15. Qxd4 Qxd4 16. Nxd4 Bd7 17. Rac1 g6 18. Nb3 Rac8 19. Na5 Rxc1 20. Rxc1 Rc8 21. Rxc8+ Bxc8 22. g3 Kf8 23. Kf1 Ke7 24. Ke2 Bc7 25. Nc4 b6 26. Ke3 Ba6 27. d6+ Bxd6 28. Nxd6 Kxd6 29. Kd4 g5 30. f4 f6 31. h4 gxh4 32. gxh4 Bc8 33. b4 Bd7 34. a3 Bc8 35. Bf3 Bd7 36. Be4 Bc8 37. Bf3 Bd7 38. Be4 Bc8 1/2-1/2

[Event "GER-ch 87th"]
[Site "Luebeck"]
[Date "2016.10.26"]
[Round "6"]
[White "Metz, Hartmut"]
[Black "Liepold, Stefan"]
[Result "0-1"]
[WhiteElo "2284"]
[BlackElo "2188"]
[EventDate "2016.10.21"]
[PlyCount "144"]

1. c4 e5 2. Nc3 Nf6 3. g3 d5 4. cxd5 Nxd5 5. Bg2 Nb6 6. Nf3 Nc6 7. O-O Be7 8. d3 O-O 9. a3 Be6 10. b4 a5 11. b5 Nd4 12. Rb1 f6 13. Nd2 Qc8 14. e3 Nf5 15. Nde4 Rd8 16. Qc2 a4 17. Re1 Kh8 18. Bb2 Qd7 19. Bf1 Bb3 20. Qe2 Nh6 21. Rbc1 Rac8 22. Nd2 Be6 23. Nc4 Nd5 24. Nxd5 Bxd5 25. b6 c6 26. Nd2 Ra8 27. Ne4 Ra6 28. Nc5 Bxc5 29. Rxc5 Rxb6 30. Ra5 Rb3 31. Rxa4 c5 32. Rh4 Nf5 33. Rh3 Be6 34. g4 Nh6 35. f3 Nxg4 36. Qc2 Nxe3 37. Rxe3 Rxb2 38. Qxb2 Bxh3 39. Bxh3 Qxh3 40. Qxb7 Qh4 41. Qe4 Qg5+ 42. Kf2 Qh5 43. Kg3 Qe8 44. Qc4 Qc6 45. Re2 h6 46. Rc2 Qd6 47. Kf2 e4 48. fxe4 Qxh2+ 49. Ke1 Qg3+ 50. Kd2 Qf2+ 51. Kd1 Qf3+ 52. Kd2 Rd4 53. Qb3 Qf4+ 54. Ke2 Qh2+ 55. Kd1 Qg3 56. Kd2 Rxe4 57. Kc1 Re1+ 58. Kb2 Qe5+ 59. Rc3 Re2+ 60. Kb1 f5 61. Rc2 Re1+ 62. Rc1 f4 63. Qf7 Rxc1+ 64. Kxc1 Qc3+ 65. Kb1 Qxd3+ 66. Kb2 f3 67. a4 c4 68. a5 c3+ 69. Kb3 Kh7 70. a6 Qxa6 71. Qxf3 Qb6+ 72. Kxc3 Qf6+ 0-1

[Event "GER-ch 87th"]
[Site "Luebeck"]
[Date "2016.10.26"]
[Round "6"]
[White "Moeller, Hendrik"]
[Black "Bente, Bjoern"]
[Result "1/2-1/2"]
[WhiteElo "2286"]
[BlackElo "2239"]
[EventDate "2016.10.21"]
[PlyCount "81"]

1. Nf3 Nf6 2. c4 g6 3. b3 Bg7 4. Bb2 O-O 5. g3 c6 6. Bg2 d5 7. O-O Qb6 8. Qc2 Na6 9. d3 Bf5 10. Nbd2 Rfd8 11. a3 Rac8 12. Rac1 Qc7 13. Be5 Qd7 14. Rfd1 Bg4 15. Qb2 Nc7 16. b4 Nce8 17. Bd4 dxc4 18. Rxc4 Qe6 19. Nb3 Nd7 20. Bxg7 Nxg7 21. Re4 Qf5 22. Rxe7 Ne6 23. Nc5 Nexc5 24. bxc5 Qxc5 25. Re4 Be6 26. Rc1 Qf8 27. Rh4 Qe7 28. Rf4 Nf8 29. h4 h5 30. Ng5 Rc7 31. Rb4 Bg4 32. Ne4 Nh7 33. Rb1 b6 34. Rc1 Be6 35. Nd2 Bd5 36. Ne4 c5 37. Rb5 Bc6 38. Rb3 Bd5 39. Rb5 Bc6 40. Rb3 Bd5 41. Rb5 1/2-1/2

[Event "GER-ch 87th"]
[Site "Luebeck"]
[Date "2016.10.26"]
[Round "6"]
[White "Rehberg, Raphael"]
[Black "Langheinrich, Ferenc"]
[Result "0-1"]
[WhiteElo "2232"]
[BlackElo "2371"]
[EventDate "2016.10.21"]
[PlyCount "62"]

1. e4 d6 2. d4 Nf6 3. Nc3 g6 4. f3 c6 5. Be3 b5 6. Qd2 Nbd7 7. d5 cxd5 8. Nxd5 Nxd5 9. Qxd5 Rb8 10. Qd4 Nf6 11. Qxa7 Bd7 12. Qd4 Bg7 13. Qd2 O-O 14. Ne2 Qc7 15. Nf4 e5 16. Nd5 Nxd5 17. exd5 e4 18. c3 exf3 19. gxf3 Rfe8 20. Kf2 b4 21. c4 Rxe3 22. Qxe3 Bxb2 23. Re1 Bc3 24. Bd3 Re8 25. Qc1 Qa7+ 26. Kg3 Rxe1 27. Rxe1 Bxe1+ 28. Qxe1 Qd4 29. Bf1 Qg1+ 30. Kf4 g5+ 31. Ke4 Bh3 0-1

[Event "GER-ch 87th"]
[Site "Luebeck"]
[Date "2016.10.26"]
[Round "6"]
[White "Schoen, Ralf"]
[Black "Messarius, Juergen"]
[Result "1/2-1/2"]
[WhiteElo "2146"]
[BlackElo "2198"]
[EventDate "2016.10.21"]
[PlyCount "97"]

1. Nf3 f5 2. d4 g6 3. c4 Bg7 4. g3 Nf6 5. Bg2 O-O 6. O-O d6 7. Nc3 c6 8. b3 Na6 9. Bb2 Bd7 10. a3 Nc7 11. Qc2 Rc8 12. Rad1 Qe8 13. e3 h6 14. Ne1 g5 15. Nd3 Qg6 16. Ne2 Nh5 17. f4 Nf6 18. Nf2 Qh5 19. Kh1 d5 20. Kg1 Nce8 21. h3 Nd6 22. Nd3 dxc4 23. bxc4 Be6 24. Ne5 b5 25. c5 Nc4 26. Bc1 Nxe5 27. dxe5 Nd5 28. Nd4 Bd7 29. Qb3 e6 30. Bd2 Kh8 31. Kh2 Rg8 32. Rc1 Bf8 33. e4 fxe4 34. Bxe4 gxf4 35. gxf4 Be7 36. Qf3 Qf7 37. Bxd5 cxd5 38. c6 Be8 39. Nxb5 Rxc6 40. Rxc6 Bxc6 41. Nd4 Bd7 42. Bb4 Bh4 43. Be1 Be7 44. Bb4 Bh4 45. Rg1 Rxg1 46. Kxg1 Qg6+ 47. Kh2 Kh7 48. Qg4 Bf2 49. Qxg6+ 1/2-1/2

[Event "GER-ch 87th"]
[Site "Luebeck"]
[Date "2016.10.26"]
[Round "6"]
[White "Schwarz, Frank"]
[Black "Schellmann, Frank"]
[Result "1-0"]
[WhiteElo "2251"]
[BlackElo "2074"]
[EventDate "2016.10.21"]
[PlyCount "81"]

1. c4 Nf6 2. g3 e5 3. Bg2 c6 4. Nf3 e4 5. Nd4 d5 6. cxd5 Qxd5 7. Nc2 Qh5 8. Nc3 Bh3 9. Ne3 Bxg2 10. Nxg2 Na6 11. Nf4 Qf5 12. d4 exd3 13. exd3 Be7 14. Be3 O-O 15. h3 Rfe8 16. g4 Qd7 17. Qf3 Nb4 18. O-O h6 19. Rad1 Red8 20. Rd2 Nbd5 21. Nfe2 Nxc3 22. bxc3 Qd5 23. Qg3 Bd6 24. Qh4 Nd7 25. f4 Re8 26. Bd4 c5 27. c4 Qc6 28. Bc3 Be7 29. Qf2 Bf6 30. Bxf6 Nxf6 31. g5 Nh7 32. h4 Rad8 33. Nc3 Qd7 34. Qxc5 Qh3 35. Nd5 Qxh4 36. Rh2 Qg3+ 37. Rg2 Qxd3 38. gxh6 g6 39. f5 Re2 40. Rxe2 Qxe2 41. Qd4 1-0

[Event "GER-ch 87th"]
[Site "Luebeck"]
[Date "2016.10.26"]
[Round "6"]
[White "Svane, Rasmus"]
[Black "Schulz, Karsten"]
[Result "1-0"]
[WhiteElo "2552"]
[BlackElo "2283"]
[EventDate "2016.10.21"]
[PlyCount "55"]

1. d4 d6 2. Nf3 g6 3. c4 Bg7 4. Nc3 e5 5. e4 Nc6 6. Bg5 f6 7. Be3 Nh6 8. c5 Ng4 9. dxe5 Nxe3 10. fxe3 Nxe5 11. Nxe5 dxe5 12. Qxd8+ Kxd8 13. Rd1+ Bd7 14. Ba6 c6 15. Bxb7 Kc7 16. Bxa8 Rxa8 17. h3 Rb8 18. b3 Bf8 19. Rf1 Be7 20. Rd2 Rf8 21. Ke2 Rb8 22. Rfd1 Bc8 23. Kf3 Bxc5 24. Rc2 Kb7 25. Nd5 cxd5 26. Rxc5 dxe4+ 27. Kf2 Kb6 28. b4 1-0